[Event "C.to provinciale CO"]
[Site "Erba ITA"]
[Date "2015.01.25"]
[Round "5"]
[White "Prete, Alessandro"]
[Black "Rossini, Fulvio"]
[WhiteElo "1752"]
[BlackElo "1984"]
[Result "1/2-1/2"]
[PlyCount "50"]
[EventDate "2015.01.17"]

1. d4 Nf6 2. Nf3 g6 3. Nc3 d5 4. Bf4 c6 5. e3 Bg7 6. Be2 Nbd7 7. Qd2 O-O 8. h4
b5 9. Ne5 Nxe5 10. Bxe5 b4 11. Na4 Ne4 12. Qxb4 Bxe5 13. dxe5 Qc7 14. Nc3 Rb8
15. Qa3 Qxe5 16. Nxe4 Qxe4 17. O-O-O Qb4 18. Rd3 Be6 19. Rb3 Qxa3 20. Rxa3 Rb7
21. h5 Rfb8 22. hxg6 hxg6 23. b3 c5 24. Rh4 Kg7 25. Ra5 Rc7 1/2-1/2

[Event "C.to provinciale CO"]
[Site "Erba ITA"]
[Date "2015.01.25"]
[Round "5"]
[White "Primerano, Carlo"]
[Black "Revinelli, Sergio"]
[WhiteElo "1706"]
[BlackElo "1828"]
[Result "1/2-1/2"]
[PlyCount "158"]
[EventDate "2015.01.17"]

1. d4 d5 2. c4 c6 3. cxd5 cxd5 4. Nf3 Nf6 5. Nc3 Nc6 6. Bf4 Ne4 7. e3 Nxc3 8.
bxc3 g6 9. Bd3 Bg7 10. h3 O-O 11. O-O b6 12. c4 e6 13. cxd5 exd5 14. Rc1 Bb7
15. Qd2 Rc8 16. Rfd1 Re8 17. Bb5 a6 18. Ba4 b5 19. Bb3 Qd7 20. a4 b4 21. Ne5
Nxe5 22. dxe5 Rxc1 23. Rxc1 a5 24. Rc5 Bxe5 25. Bxe5 Rxe5 26. Rxa5 Bc6 27. Qxb4
Re4 28. Qc5 Qb7 29. Bxd5 Bxd5 30. Qxd5 Qxd5 31. Rxd5 Rxa4 32. Kh2 Kg7 33. Kg3
Ra3 34. Kf3 h6 35. g4 g5 36. Kg3 Ra1 37. Kg2 Ra2 38. h4 gxh4 39. Rh5 Kg6 40.
Rxh4 Ra4 41. Kg3 Ra1 42. Kf3 f6 43. Rh5 Ra3 44. Rd5 Ra6 45. Kf4 Rb6 46. f3 Ra6
47. e4 Rb6 48. Rd8 Ra6 49. Rg8+ Kf7 50. Rd8 Kg6 51. Rd5 Rb6 52. Rf5 Rb4 53. Kg3
Rb6 54. e5 fxe5 55. Rxe5 Ra6 56. Kf4 Rf6+ 57. Ke4 Ra6 58. Rd5 Re6+ 59. Re5 Ra6
60. Rd5 Re6+ 61. Kf4 Rf6+ 62. Kg3 Ra6 63. Rd3 Rb6 64. f4 Kf6 65. Kh4 Rb1 66.
Rd6+ Kg7 67. Rd7+ Kf6 68. Rd4 Rh1+ 69. Kg3 Rg1+ 70. Kf3 Rf1+ 71. Kg2 Ra1 72.
Rd6+ Kg7 73. f5 Ra3 74. Re6 Kh7 75. Re7+ Kg8 76. f6 Ra6 77. f7+ Kf8 78. Rb7 Rf6
79. Kg3 Rxf7 1/2-1/2

[Event "C.to provinciale CO"]
[Site "Erba ITA"]
[Date "2015.01.25"]
[Round "5"]
[White "Romano', Ido"]
[Black "Bettinelli, Sergio"]
[WhiteElo "1527"]
[BlackElo "1404"]
[Result "0-1"]
[PlyCount "102"]
[EventDate "2015.01.17"]

1. Nf3 c5 2. e4 e6 3. Bc4 g6 4. O-O Bg7 5. c3 Ne7 6. d4 cxd4 7. cxd4 b6 8. Nc3
Bb7 9. d5 O-O 10. Bf4 exd5 11. exd5 Bxc3 12. bxc3 Nf5 13. Qb3 d6 14. Ng5 Nd7
15. Nf3 Qc7 16. Bd3 Nc5 17. Qc2 Nxd3 18. Qxd3 a5 19. c4 Ba6 20. Rac1 Qd7 21.
Nd4 Rac8 22. Nc6 Bb7 23. Na7 Rc5 24. Nb5 Ba6 25. h3 Rxc4 26. Qxc4 Bxb5 27. Qc3
Bxf1 28. Kxf1 Qb5+ 29. Kg1 Qxd5 30. a3 Nh4 31. f3 Nf5 32. g4 Qd4+ 33. Qxd4 Nxd4
34. Bxd6 Ne2+ 35. Kf1 Nxc1 36. Bxf8 Kxf8 37. Ke1 a4 38. Kd2 Nb3+ 39. Kc3 Ke7
40. Kb4 Nd4 41. Kxa4 Kd7 42. f4 Kc6 43. Kb4 Ne6 44. f5 Nf4 45. h4 gxf5 46. gxf5
h5 47. Kc4 Ng2 48. Kd4 Nxh4 49. Ke5 Ng6+ 50. Kf6 Kd7 51. Kxf7 Ne7 0-1

[Event "C.to provinciale CO"]
[Site "Erba ITA"]
[Date "2015.01.25"]
[Round "5"]
[White "Zerboni, Giuseppe"]
[Black "Falchi, Claudio"]
[WhiteElo "1525"]
[BlackElo "1852"]
[Result "0-1"]
[PlyCount "98"]
[EventDate "2015.01.17"]

1. d4 e6 2. Nf3 f5 3. c4 Nf6 4. g3 d5 5. Bg2 c6 6. c5 b6 7. b4 a5 8. Qa4 Bb7 9.
Bf4 Qc8 10. O-O axb4 11. Qxb4 bxc5 12. dxc5 Na6 13. Qb2 Nxc5 14. Nc3 Be7 15.
Rab1 O-O 16. Be3 Ba6 17. Bf4 Nfe4 18. Nxe4 Nxe4 19. Rfc1 Bc4 20. Rxc4 dxc4 21.
Be5 Bf6 22. h4 c3 23. Qc2 Qa6 24. Bxf6 Rxf6 25. Nd4 Qxa2 26. Rb8+ Rf8 27. Rxf8+
Kxf8 28. Qd3 Kf7 29. Bxe4 fxe4 30. Qxc3 Qa1+ 31. Qxa1 Rxa1+ 32. Kg2 Rc1 33. e3
c5 34. Nb3 Rc2 35. g4 e5 36. Kf1 Ke6 37. Ke1 Kd5 38. Nd2 c4 39. Kd1 Ra2 40. f4
exf3 41. Nxf3 h6 42. h5 Ke4 43. Nd2+ Rxd2+ 44. Kxd2 c3+ 45. Kxc3 Kxe3 46. Kc4
Ke4 47. Kc5 Kf4 48. Kd5 e4 49. Ke6 Kxg4 0-1

[Event "C.to provinciale CO"]
[Site "Erba ITA"]
[Date "2015.01.25"]
[Round "6"]
[White "Bellotto, Stefano"]
[Black "Bernasconi, Roberto"]
[WhiteElo "2009"]
[BlackElo "1870"]
[Result "1/2-1/2"]
[PlyCount "24"]
[EventDate "2015.01.17"]

1. d4 d5 2. Nf3 Nf6 3. Bf4 e6 4. e3 Bd6 5. Bg3 b6 6. Bb5+ Bd7 7. Qe2 Bxb5 8.
Qxb5+ c6 9. Qb3 O-O 10. Nbd2 Qe7 11. O-O Bxg3 12. hxg3 Nbd7 1/2-1/2

[Event "C.to provinciale CO"]
[Site "Erba ITA"]
[Date "2015.01.25"]
[Round "6"]
[White "Bettinelli, Sergio"]
[Black "Paone, Mario"]
[WhiteElo "1404"]
[BlackElo "1440"]
[Result "0-1"]
[PlyCount "98"]
[EventDate "2015.01.17"]

1. e4 c5 2. Nf3 d6 3. Nc3 e6 4. d4 cxd4 5. Nxd4 Nf6 6. Bb5+ Nbd7 7. Be3 Be7 8.
O-O O-O 9. Nde2 a6 10. Bxd7 Bxd7 11. b3 Bc6 12. Ng3 Qc7 13. Nh5 Bxe4 14. Nxf6+
Bxf6 15. Bd4 Bxd4 16. Qxd4 Bc6 17. Ne2 d5 18. Rfe1 Rad8 19. Ng3 g6 20. Qe5 Qxe5
21. Rxe5 Rd7 22. h4 h5 23. c4 dxc4 24. bxc4 Rfd8 25. Ree1 Rd2 26. f3 R8d4 27.
Ne4 Bxe4 28. fxe4 Rxc4 29. Kh2 Rcc2 30. Rg1 Rxa2 31. Raf1 Re2 32. Rf4 Rf2 33.
Rxf2 Rxf2 34. Kg3 Rc2 35. Re1 b5 36. e5 Rc5 37. Kf4 Kg7 38. g4 Rc4+ 39. Kg3
Rxg4+ 40. Kh3 Rd4 41. Re3 Rd5 42. Kg3 b4 43. Kf4 Rd4+ 44. Kg3 a5 45. Kh3 Rd5
46. Kg3 Rb5 47. Kf4 b3 48. Rg3 b2 49. Re3 b1=Q 0-1

[Event "C.to provinciale CO"]
[Site "Erba ITA"]
[Date "2015.01.25"]
[Round "6"]
[White "Campanella, Nicola"]
[Black "Mason, Giovanni"]
[WhiteElo "1440"]
[BlackElo "1574"]
[Result "1-0"]
[PlyCount "53"]
[EventDate "2015.01.17"]

1. d4 Nf6 2. c4 e6 3. Nf3 d5 4. Nc3 Bb4 5. a3 Bxc3+ 6. bxc3 O-O 7. e3 c6 8. a4
a5 9. Bd3 dxc4 10. Bxc4 Nd5 11. Qc2 f5 12. O-O b6 13. Re1 Nf6 14. Ng5 Re8 15.
e4 h6 16. exf5 hxg5 17. Bxg5 Qd6 18. Bxf6 gxf6 19. Re3 Ra7 20. Rae1 Rh7 21.
Rg3+ Rg7 22. Ree3 Ree7 23. Qe2 b5 24. Rxg7+ Rxg7 25. Bxe6+ Bxe6 26. Rxe6 Qc7
27. Re8+ 1-0

[Event "C.to provinciale CO"]
[Site "Erba ITA"]
[Date "2015.01.25"]
[Round "6"]
[White "Gatti, Daniele Guglielmo"]
[Black "Bonuglia, Gabriele"]
[WhiteElo "1440"]
[BlackElo "1407"]
[Result "1-0"]
[PlyCount "43"]
[EventDate "2015.01.17"]

1. e4 c5 2. Nf3 d6 3. d4 cxd4 4. Nxd4 Nf6 5. Nc3 e5 6. Nb3 Be7 7. Bg5 Nbd7 8.
Bxf6 Nxf6 9. Be2 O-O 10. O-O Be6 11. Nd2 Rc8 12. Nf3 Qb6 13. Rb1 Rfd8 14. Ng5
d5 15. Nxe6 Qxe6 16. exd5 Nxd5 17. Bg4 f5 18. Bxf5 Qxf5 19. Nxd5 Qf7 20. Nxe7+
Qxe7 21. Qf3 Rxc2 22. Qb3+ 1-0

[Event "C.to provinciale CO"]
[Site "Erba ITA"]
[Date "2015.01.25"]
[Round "6"]
[White "Iachelini, Gianfranco"]
[Black "Romano', Ido"]
[WhiteElo "1470"]
[BlackElo "1527"]
[Result "0-1"]
[PlyCount "84"]
[EventDate "2015.01.17"]

1. e4 e5 2. Nf3 d6 3. h3 Nf6 4. d3 h6 5. Be2 Nc6 6. c4 Be7 7. Nc3 O-O 8. b3 Be6
9. d4 exd4 10. Nxd4 Nxd4 11. Qxd4 c5 12. Qd3 Nh7 13. Nd5 Bg5 14. Bxg5 Nxg5 15.
O-O f6 16. f4 Nf7 17. f5 Bxd5 18. Qxd5 Kh7 19. Bh5 Qe7 20. Rad1 Rad8 21. Rd2
Rd7 22. Rfd1 Ne5 23. Qe6 Nf7 24. Bxf7 Rxf7 25. Rxd6 Rxd6 26. Rxd6 b6 27. Qd5
Qc7 28. a3 Qe7 29. b4 cxb4 30. axb4 Qc7 31. b5 Qe7 32. Re6 Qc7 33. Re8 h5 34.
Kh1 Rd7 35. Qg8+ Kh6 36. Qd5 Rxd5 37. cxd5 Qd7 38. Rf8 Qxb5 39. h4 Kh7 40. Rf7
Qb1+ 41. Kh2 Qxe4 42. Rxa7 Qxd5 0-1

[Event "C.to provinciale CO"]
[Site "Erba ITA"]
[Date "2015.01.25"]
[Round "6"]
[White "Prete, Alessandro"]
[Black "Coppola, Guido"]
[WhiteElo "1752"]
[BlackElo "1987"]
[Result "1-0"]
[PlyCount "43"]
[EventDate "2015.01.17"]

1. d4 Nf6 2. Nf3 g6 3. Nc3 d5 4. Bf4 c6 5. e3 Nh5 6. Bg5 h6 7. Bh4 Bg7 8. Be2
Nd7 9. g4 Nhf6 10. Ne5 Qa5 11. f3 Nxe5 12. dxe5 Nd7 13. f4 Nc5 14. Qd4 Ne4 15.
b4 Qa3 16. Nxe4 dxe4 17. Rd1 Be6 18. O-O g5 19. f5 O-O 20. fxe6 gxh4 21. exf7+
Kh8 22. Qxe4 1-0

[Event "C.to provinciale CO"]
[Site "Erba ITA"]
[Date "2015.01.25"]
[Round "6"]
[White "Primerano, Carlo"]
[Black "Buonocore, Elio"]
[WhiteElo "1706"]
[BlackElo "2173"]
[Result "0-1"]
[PlyCount "76"]
[EventDate "2015.01.17"]

1. d4 f5 2. e4 fxe4 3. Nc3 Nf6 4. Bg5 b6 5. f3 e3 6. Qd3 Ba6 7. Qxe3 Bxf1 8.
Kxf1 e6 9. Nge2 Be7 10. Qd3 Nc6 11. a3 O-O 12. Ne4 Nxe4 13. Bxe7 Qxe7 14. Qxe4
d5 15. Qd3 e5 16. dxe5 Rad8 17. Nd4 Nxe5 18. Re1 Qf6 19. Rxe5 Qxe5 20. Nc6 Qxb2
21. Nxd8 Rxd8 22. Kf2 c5 23. Re1 Qf6 24. Qe3 Kf8 25. a4 h6 26. a5 d4 27. Qa3
Qd6 28. axb6 axb6 29. Qd3 Re8 30. Qf5+ Qf6 31. Rxe8+ Kxe8 32. Qe4+ Kf7 33. Qb7+
Kg6 34. Qe4+ Qf5 35. Qc6+ Kh7 36. Qa4 b5 37. Qa2 c4 38. g4 Qe5 0-1

[Event "C.to provinciale CO"]
[Site "Erba ITA"]
[Date "2015.01.25"]
[Round "6"]
[White "Revinelli, Sergio"]
[Black "La Fontana, Stefano"]
[WhiteElo "1828"]
[BlackElo "1664"]
[Result "1-0"]
[PlyCount "71"]
[EventDate "2015.01.17"]

1. e4 c5 2. Nf3 d6 3. d4 cxd4 4. Nxd4 Nf6 5. Nc3 a6 6. Be2 e5 7. Nb3 Be6 8. a4
Be7 9. O-O O-O 10. Kh1 Nbd7 11. f4 Qc7 12. f5 Bc4 13. Bxc4 Qxc4 14. Qf3 Rac8
15. g4 h6 16. Rg1 Nh7 17. Be3 Bg5 18. Rad1 Qc6 19. Rd2 Nb6 20. Na5 Qc7 21. Bxg5
Nxg5 22. Qe3 Nxa4 23. Nxa4 Qxa5 24. Nc3 Rfd8 25. h4 Nh7 26. g5 hxg5 27. hxg5
Qc7 28. Qh3 f6 29. g6 Ng5 30. Rxg5 fxg5 31. Qh7+ Kf8 32. Qh8+ Ke7 33. Nd5+ Kd7
34. Qxg7+ Kc6 35. Nxc7 Rxc7 36. Qf6 1-0

[Event "C.to provinciale CO"]
[Site "Erba ITA"]
[Date "2015.01.25"]
[Round "6"]
[White "Rizzi, Pierantonio"]
[Black "Crippa, Matteo"]
[WhiteElo "1441"]
[BlackElo "1559"]
[Result "0-1"]
[PlyCount "104"]
[EventDate "2015.01.17"]

1. Nf3 d5 2. d4 Bg4 3. Ne5 Bf5 4. e3 Nd7 5. Nf3 e6 6. c4 c5 7. cxd5 exd5 8. Nc3
Ngf6 9. g3 Be7 10. Bg2 O-O 11. O-O Qc8 12. Nd2 Nb6 13. Nf3 Bh3 14. Ng5 Bxg2 15.
Kxg2 c4 16. Nf3 a6 17. b3 cxb3 18. Ne2 bxa2 19. Rxa2 Ne4 20. Rc2 Qe6 21. Nf4
Qd7 22. Ne5 Qd6 23. Ra2 Nc3 24. Ba3 Nxd1 25. Bxd6 Nxe3+ 26. fxe3 Bxd6 27. Rb2
Bc7 28. Nfd3 f6 29. Nf3 Rab8 30. Nc5 Rfe8 31. Kf2 Nc4 32. Rb3 Re7 33. Re1 Bd6
34. Nh4 Bxc5 35. dxc5 g6 36. Rd3 Rd7 37. Nf3 Rc8 38. e4 Rxc5 39. Red1 Nb2 40.
exd5 Nxd1+ 41. Rxd1 Rcxd5 42. Rc1 Kg7 43. h4 b5 44. Rc6 R5d6 45. Rc5 b4 46. Rc8
Rb6 47. Rc1 b3 48. Rb1 b2 49. Ne1 a5 50. Ke2 a4 51. Nc2 Rc7 52. Na3 Rc3 0-1

[Event "C.to provinciale CO"]
[Site "Erba ITA"]
[Date "2015.01.25"]
[Round "6"]
[White "Rossini, Fulvio"]
[Black "Falchi, Claudio"]
[WhiteElo "1984"]
[BlackElo "1852"]
[Result "1/2-1/2"]
[PlyCount "33"]
[EventDate "2015.01.17"]

1. e4 e6 2. d3 d5 3. Nd2 c5 4. Ngf3 Nc6 5. g3 g6 6. Bg2 Bg7 7. O-O Nge7 8. c3
b6 9. Re1 a5 10. exd5 Nxd5 11. d4 cxd4 12. Nxd4 Nxd4 13. cxd4 Bb7 14. Nc4 O-O
15. Ne5 Rc8 16. Bd2 Qd6 17. h4 1/2-1/2

[Event "C.to provinciale CO"]
[Site "Erba ITA"]
[Date "2015.01.25"]
[Round "6"]
[White "Salvade', Ettore"]
[Black "Corti, Filippo"]
[WhiteElo "1565"]
[BlackElo "1587"]
[Result "0-1"]
[PlyCount "74"]
[EventDate "2015.01.17"]

1. e4 g6 2. Nf3 Bg7 3. c3 d6 4. d4 Nf6 5. Bd3 Nbd7 6. O-O O-O 7. Re1 e5 8. d5
Nc5 9. Bg5 h6 10. Bxf6 Qxf6 11. Bc2 a5 12. Nbd2 Bg4 13. h3 Bd7 14. Nb3 Nxb3 15.
Bxb3 Qe7 16. Bc2 f5 17. c4 Rf7 18. Re3 Raf8 19. Rb3 b6 20. Qe2 fxe4 21. Bxe4
Bf5 22. Rf1 Qf6 23. Bxf5 gxf5 24. a4 e4 25. Nh2 Kh7 26. Kh1 Qe7 27. Re1 Qd7 28.
Ra3 Bd4 29. f3 e3 30. Nf1 f4 31. Qd3+ Qf5 32. Qxd4 Qg5 33. b3 Rg7 34. Re2 Rfg8
35. Raa2 Qf5 36. Ra1 Rxg2 37. Rxg2 Qxh3+ 0-1

[Event "C.to provinciale CO"]
[Site "Erba ITA"]
[Date "2015.01.25"]
[Round "6"]
[White "Turati, Pierangelo"]
[Black "Zerboni, Giuseppe"]
[WhiteElo "1691"]
[BlackElo "1525"]
[Result "1/2-1/2"]
[PlyCount "32"]
[EventDate "2015.01.17"]

1. e4 c5 2. Nf3 Nc6 3. Bb5 d6 4. O-O Bd7 5. c3 Nf6 6. Re1 e5 7. d3 Be7 8. Nbd2
h6 9. Qc2 O-O 10. Nb3 Rc8 11. Be3 a6 12. Bxc6 Bxc6 13. Rac1 b5 14. h3 a5 15.
Kh2 Nh7 16. d4 Ng5 1/2-1/2

[Event "III Festival il Mare d'Inverno A"]
[Site "Gabicce Mare ITA"]
[Date "2015.01.02"]
[Round "1"]
[White "Brancaleoni, Maurizio"]
[Black "Banusz, Tamas"]
[WhiteElo "2219"]
[BlackElo "2568"]
[Result "0-1"]
[PlyCount "94"]
[EventDate "2015.01.02"]

1. Nf3 d5 2. d4 Nf6 3. c4 c6 4. cxd5 cxd5 5. Nc3 Nc6 6. Bf4 Bf5 7. e3 e6 8. Qb3
Bb4 9. Bb5 Qa5 10. O-O Bxc3 11. Bxc6+ bxc6 12. Qxc3 Qxc3 13. bxc3 Ke7 14. Rfc1
Rhc8 15. c4 Nh5 16. cxd5 Nxf4 17. exf4 cxd5 18. Nd2 a5 19. Kf1 a4 20. Ke2 Rab8
21. a3 Kd6 22. h3 h5 23. Kd1 Rxc1+ 24. Kxc1 Bd3 25. Ra2 Rc8+ 26. Kd1 Rc3 27.
Ra1 Rc2 28. Ke1 h4 29. Kd1 f6 30. Ke1 Be4 31. Nxe4+ dxe4 32. Rb1 Ra2 33. Rb7
Rxa3 34. Rxg7 Ra1+ 35. Ke2 a3 36. Ra7 f5 37. Ra4 Kc6 38. Ra8 Kb5 39. Ke3 Kb4
40. Rb8+ Kc3 41. Rc8+ Kb3 42. Rb8+ Ka2 43. Rb6 Rd1 44. Rxe6 Rd3+ 45. Ke2 Kb2
46. Rb6+ Rb3 47. Ra6 a2 0-1

[Event "III Festival il Mare d'Inverno A"]
[Site "Gabicce Mare ITA"]
[Date "2015.01.02"]
[Round "1"]
[White "Teutsch, Alexander"]
[Black "Arnaudov, G. Petar"]
[WhiteElo "2158"]
[BlackElo "2451"]
[Result "1/2-1/2"]
[PlyCount "57"]
[EventDate "2015.01.02"]

1. d4 Nf6 2. c4 Nc6 3. Nc3 e5 4. d5 Ne7 5. e4 Ng6 6. Be3 Bb4 7. f3 Bxc3+ 8.
bxc3 d6 9. c5 O-O 10. cxd6 cxd6 11. Bd3 Nh5 12. Ne2 Nhf4 13. Nxf4 exf4 14. Bd4
Qh4+ 15. Bf2 Qg5 16. g4 fxg3 17. hxg3 f5 18. f4 Qe7 19. e5 dxe5 20. Qh5 Qd6 21.
Qxh7+ Kf7 22. Rh6 Bd7 23. fxe5 Rfe8 24. e6+ Bxe6 25. Qxg6+ Kf8 26. Kd2 gxh6 27.
Qxh6+ Kg8 28. Qg6+ Kf8 29. Qf6+ 1/2-1/2

[Event "III Festival il Mare d'Inverno A"]
[Site "Gabicce Mare ITA"]
[Date "2015.01.03"]
[Round "2"]
[White "Banusz, Tamas"]
[Black "Stets, Dmitry"]
[WhiteElo "2568"]
[BlackElo "2381"]
[Result "1-0"]
[PlyCount "73"]
[EventDate "2015.01.02"]

1. Nf3 Nf6 2. c4 g6 3. g3 Bg7 4. Bg2 O-O 5. O-O d6 6. d4 Nc6 7. Nc3 Bf5 8. Ne1
Qd7 9. e4 Bh3 10. Nc2 Bxg2 11. Kxg2 e6 12. f4 a6 13. Qe2 e5 14. fxe5 dxe5 15.
dxe5 Nxe5 16. Bg5 Ne8 17. Rad1 Qe6 18. Nd5 Nc6 19. b3 f5 20. Rfe1 Rf7 21. exf5
Qxf5 22. h4 h6 23. Rf1 Qe5 24. Qxe5 Nxe5 25. Bf4 b5 26. Rfe1 Ng4 27. c5 Ngf6
28. Ncb4 a5 29. Nc6 Nxd5 30. Rxd5 Nf6 31. Rdd1 Bf8 32. Ne5 Rh7 33. c6 Bb4 34.
Re3 Kg7 35. Nd7 Ng4 36. Re4 Kh8 37. Bc1 1-0

[Event "III Festival il Mare d'Inverno A"]
[Site "Gabicce Mare ITA"]
[Date "2015.01.03"]
[Round "2"]
[White "Bodiroga, Predrag"]
[Black "Prohaszka, Peter"]
[WhiteElo "2337"]
[BlackElo "2607"]
[Result "0-1"]
[PlyCount "44"]
[EventDate "2015.01.02"]

1. c4 c6 2. Nf3 d5 3. e3 Nf6 4. b3 Bg4 5. Bb2 e6 6. Be2 Bd6 7. Ne5 Bxe2 8. Qxe2
a5 9. Ng4 Nbd7 10. Nxf6+ Nxf6 11. Nc3 O-O 12. O-O Re8 13. Rac1 Qe7 14. Rc2 Nd7
15. g3 f6 16. f3 dxc4 17. Qxc4 Nb6 18. Qe2 a4 19. Kg2 axb3 20. axb3 e5 21. f4
exf4 22. gxf4 Qf7 0-1

[Event "III Festival il Mare d'Inverno A"]
[Site "Gabicce Mare ITA"]
[Date "2015.01.03"]
[Round "2"]
[White "Kosic, Dragan"]
[Black "Lodici, Lorenzo"]
[WhiteElo "2476"]
[BlackElo "2315"]
[Result "1-0"]
[PlyCount "67"]
[EventDate "2015.01.02"]

1. d4 f5 2. Nc3 d5 3. Bf4 a6 4. e3 Nf6 5. Nf3 e6 6. Bd3 c5 7. dxc5 Bxc5 8. O-O
Nc6 9. Ne2 O-O 10. c4 Nb4 11. a3 Nxd3 12. Qxd3 dxc4 13. Qxc4 Qe7 14. Rac1 Ba7
15. Rfd1 Nd5 16. Be5 b5 17. Qb3 Bb7 18. Ng3 Rac8 19. Rxc8 Rxc8 20. Re1 Bb8 21.
Bxb8 Rxb8 22. e4 fxe4 23. Nxe4 Nc7 24. Qe3 Rf8 25. Nd4 Bxe4 26. Qxe4 Qf6 27.
Qe3 Kh8 28. Nf3 Qxb2 29. Qc5 Rc8 30. h3 Qf6 31. Rc1 h6 32. Ne5 a5 33. Qd6 Rf8
34. Qxf8+ 1-0

[Event "III Festival il Mare d'Inverno A"]
[Site "Gabicce Mare ITA"]
[Date "2015.01.03"]
[Round "3"]
[White "Baldazzi, Stefano"]
[Black "Kosic, Dragan"]
[WhiteElo "2229"]
[BlackElo "2476"]
[Result "0-1"]
[PlyCount "65"]
[EventDate "2015.01.02"]

1. c4 e6 2. Nf3 Nf6 3. g3 d5 4. b3 c5 5. cxd5 exd5 6. Bg2 Nc6 7. O-O Be7 8. Bb2
O-O 9. d4 Re8 10. Nc3 Bf5 11. dxc5 Bxc5 12. Nb5 Bb6 13. Nbd4 Be4 14. Rc1 Qd6
15. Nxc6 bxc6 16. Nd4 Bxg2 17. Kxg2 c5 18. Nf3 Ne4 19. e3 Qe6 20. Ne5 Qf5 21.
g4 Qg6 22. Nd3 Qh6 23. h4 Qxh4 24. Rh1 Qe7 25. Rh5 d4 26. exd4 cxd4 27. Re5 Qf6
28. Rf5 Qd6 29. Rc4 g6 30. Rf4 Rad8 31. Qc2 Ng5 32. Rcxd4 Bxd4 33. Rxd4 0-1

[Event "III Festival il Mare d'Inverno A"]
[Site "Gabicce Mare ITA"]
[Date "2015.01.03"]
[Round "3"]
[White "Kurayan, Ruslan"]
[Black "Banusz, Tamas"]
[WhiteElo "2415"]
[BlackElo "2568"]
[Result "0-1"]
[PlyCount "66"]
[EventDate "2015.01.02"]

1. e4 e5 2. Nf3 Nc6 3. d4 exd4 4. Nxd4 Nf6 5. Nxc6 bxc6 6. e5 Qe7 7. Qe2 Nd5 8.
c4 Nb6 9. Nc3 Qe6 10. Qe4 g6 11. f4 d5 12. exd6 cxd6 13. Be3 Bg7 14. Bd3 O-O
15. O-O-O Qxe4 16. Nxe4 d5 17. cxd5 cxd5 18. Ng3 Bg4 19. Rd2 Rfc8+ 20. Kb1 Na4
21. Ba6 Rcb8 22. Bd4 Bxd4 23. Rxd4 Nxb2 24. Ka1 Rb6 25. f5 Rab8 26. Rb1 gxf5
27. h3 f4 28. hxg4 fxg3 29. Be2 Nc4 30. Rxb6 Rxb6 31. a4 Ne3 32. Bd1 Rf6 33.
Ka2 Rf1 0-1

[Event "III Festival il Mare d'Inverno A"]
[Site "Gabicce Mare ITA"]
[Date "2015.01.03"]
[Round "3"]
[White "Lettieri, Giuseppe"]
[Black "Sonis, Francesco"]
[WhiteElo "2406"]
[BlackElo "2222"]
[Result "1-0"]
[PlyCount "79"]
[EventDate "2015.01.02"]

1. c4 Nf6 2. g3 g6 3. Bg2 Bg7 4. Nc3 c5 5. Nf3 Nc6 6. d4 cxd4 7. Nxd4 O-O 8.
O-O Nxd4 9. Qxd4 d6 10. Qd3 Nd7 11. b3 Nc5 12. Qe3 a5 13. Ba3 Na6 14. Rad1 Qe8
15. Nd5 Be6 16. Qb6 Bxd5 17. Rxd5 Bc3 18. Rb5 Qd7 19. Qe3 Bb4 20. Rxb7 Qe6 21.
Qxe6 fxe6 22. Bc1 Rae8 23. a3 Bc3 24. Bh6 Nc5 25. Rb5 Rf5 26. Rc1 Bb2 27. Rb1
Bd4 28. e3 Bc3 29. b4 axb4 30. axb4 Na6 31. Bh3 Nc7 32. Bxf5 gxf5 33. Rb7 Na6
34. Rb3 Bd2 35. Kf1 Kf7 36. Bg5 Nxb4 37. Ke2 Na6 38. Kxd2 Nc5 39. Kc2 Nxb3 40.
Kxb3 1-0

[Event "III Festival il Mare d'Inverno A"]
[Site "Gabicce Mare ITA"]
[Date "2015.01.04"]
[Round "4"]
[White "Banusz, Tamas"]
[Black "Kosic, Dragan"]
[WhiteElo "2568"]
[BlackElo "2476"]
[Result "1-0"]
[PlyCount "93"]
[EventDate "2015.01.02"]

1. Nf3 c5 2. c4 Nc6 3. d4 cxd4 4. Nxd4 Nf6 5. Nc3 e6 6. g3 Qb6 7. Ndb5 Bc5 8.
Bg2 Ng4 9. e3 Nge5 10. O-O Be7 11. b3 O-O 12. Nd6 Nb4 13. Nxc8 Rfxc8 14. Na4
Qc7 15. Bb2 Nbc6 16. Qe2 Rd8 17. Rfd1 Rab8 18. Rac1 d6 19. Nc3 Qb6 20. Rd2 a6
21. Rcd1 Qc7 22. f4 Nd7 23. Ne4 Nf8 24. h4 f6 25. Kh2 Rd7 26. Nc3 Re8 27. Bh3
f5 28. e4 fxe4 29. Nxe4 Rdd8 30. Qg4 e5 31. Nc3 Bf6 32. Nd5 Qf7 33. Rf1 Kh8 34.
fxe5 dxe5 35. Rdf2 Rxd5 36. cxd5 Qxd5 37. Bg2 Qd6 38. Rd1 Qc5 39. Re2 Qb6 40.
Qc4 Nd8 41. Rde1 Qd6 42. Qd5 Qxd5 43. Bxd5 Nd7 44. Bg2 h6 45. Bh3 Ne6 46. Rd1
Ndf8 47. Bxe5 1-0

[Event "III Festival il Mare d'Inverno A"]
[Site "Gabicce Mare ITA"]
[Date "2015.01.04"]
[Round "4"]
[White "Barp, Alberto"]
[Black "Lettieri, Giuseppe"]
[WhiteElo "2211"]
[BlackElo "2406"]
[Result "0-1"]
[PlyCount "106"]
[EventDate "2015.01.02"]

1. d4 Nf6 2. c4 e6 3. Nf3 b6 4. a3 Ba6 5. Qc2 Bb7 6. Nc3 c5 7. e4 cxd4 8. Nxd4
Bc5 9. Nb3 Nc6 10. Bg5 Nd4 11. Nxd4 Bxd4 12. Nb5 Be5 13. f4 Bb8 14. e5 h6 15.
Bxf6 gxf6 16. Nd6+ Bxd6 17. exd6 f5 18. Qc3 Rg8 19. O-O-O Kf8 20. Rd2 Rg7 21.
Rg1 Kg8 22. g3 Rc8 23. Bg2 Bc6 24. Kb1 Kh7 25. h3 Qg8 26. Bxc6 Rxc6 27. b3 Rg6
28. Qd3 Qg7 29. Rdg2 b5 30. Rc2 bxc4 31. Rxc4 Rxc4 32. bxc4 Qh8 33. Ka2 Qc8 34.
Qd4 Qc6 35. g4 fxg4 36. Rxg4 Rxg4 37. hxg4 Qg2+ 38. Kb3 Qxg4 39. Qxa7 Qd1+ 40.
Kc3 Qxd6 41. c5 Qc6 42. a4 h5 43. a5 h4 44. a6 h3 45. Qb7 h2 46. Qxc6 dxc6 47.
a7 h1=Q 48. a8=Q Qf3+ 49. Kb4 Qxf4+ 50. Ka5 Qd2+ 51. Kb6 Qb4+ 52. Ka6 Qa4+ 53.
Kb7 Qxa8+ 0-1

[Event "III Festival il Mare d'Inverno A"]
[Site "Gabicce Mare ITA"]
[Date "2015.01.05"]
[Round "5"]
[White "Altini, Nicola"]
[Black "Czebe, Attila"]
[WhiteElo "2402"]
[BlackElo "2436"]
[Result "1-0"]
[PlyCount "61"]
[EventDate "2015.01.02"]

1. d4 e6 2. c4 b6 3. Nf3 Bb7 4. g3 Bb4+ 5. Bd2 Bxd2+ 6. Qxd2 f5 7. Bg2 Nf6 8.
O-O O-O 9. Nc3 Ne4 10. Qc2 Nxc3 11. Qxc3 d6 12. d5 e5 13. b4 a5 14. a3 Nd7 15.
Ne1 axb4 16. axb4 Rxa1 17. Qxa1 b5 18. c5 dxc5 19. bxc5 Nxc5 20. Qxe5 Qd6 21.
Qxd6 cxd6 22. Nc2 Ne4 23. Ra1 Nc3 24. Ra7 Rb8 25. Nb4 Nxe2+ 26. Kf1 Nc3 27. Bf3
h6 28. g4 f4 29. Nc6 Bxc6 30. dxc6 d5 31. g5 1-0

[Event "III Festival il Mare d'Inverno A"]
[Site "Gabicce Mare ITA"]
[Date "2015.01.04"]
[Round "5"]
[White "Kantans, Toms"]
[Black "Banusz, Tamas"]
[WhiteElo "2438"]
[BlackElo "2568"]
[Result "0-1"]
[PlyCount "90"]
[EventDate "2015.01.02"]

1. e4 e5 2. Nf3 Nc6 3. d4 exd4 4. Nxd4 Nf6 5. Nxc6 bxc6 6. e5 Qe7 7. Qe2 Nd5 8.
c4 Nb6 9. Nc3 Qe6 10. Qe4 g6 11. Bd3 Bg7 12. f4 O-O 13. O-O d6 14. exd6 Qxd6
15. Rd1 Bf5 16. Qf3 Bxd3 17. Rxd3 Qe6 18. c5 Nc4 19. Qe4 Qxe4 20. Nxe4 Rad8 21.
Rxd8 Rxd8 22. Kf2 Nxb2 23. Bxb2 Bxb2 24. Rb1 Bd4+ 25. Ke2 f5 26. Ng5 Bxc5 27.
Rc1 Re8+ 28. Kd3 Bb6 29. Rxc6 Re3+ 30. Kc4 Re2 31. Re6 Rxa2 32. Re8+ Kg7 33.
Re7+ Kf8 34. Rxh7 Rxg2 35. h4 Ke8 36. Kd5 Rd2+ 37. Ke5 Ba5 38. Rh8+ Kd7 39.
Rh7+ Kc6 40. h5 Bc3+ 41. Ke6 Rd6+ 42. Kf7 gxh5 43. Rxh5 a5 44. Ne6 a4 45. Rxf5
Rd5 0-1

[Event "III Festival il Mare d'Inverno A"]
[Site "Gabicce Mare ITA"]
[Date "2015.01.05"]
[Round "5"]
[White "Lettieri, Giuseppe"]
[Black "Petkov, Vladimir"]
[WhiteElo "2406"]
[BlackElo "2519"]
[Result "1/2-1/2"]
[PlyCount "67"]
[EventDate "2015.01.02"]

1. e4 e5 2. Nf3 Nc6 3. Bb5 Nf6 4. O-O Nxe4 5. Re1 Nd6 6. Nxe5 Be7 7. Bf1 Nf5 8.
Nf3 O-O 9. d4 d5 10. c3 Bd6 11. Bd3 g6 12. Na3 a6 13. Nc2 Nce7 14. Ne3 Nxe3 15.
Bxe3 Bf5 16. Bh6 Re8 17. Bg5 Bxd3 18. Qxd3 Kg7 19. Re2 f6 20. Bd2 Qd7 21. Rae1
Qb5 22. Qc2 Nf5 23. g4 Rxe2 24. Rxe2 Ne7 25. Bf4 Qd7 26. Bxd6 Qxd6 27. Nh4 Qd7
28. h3 Re8 29. Qd2 Nc8 30. Ng2 Nd6 31. Rxe8 Qxe8 32. Qe3 Qxe3 33. Nxe3 c6 34.
f3 1/2-1/2